000 00693cam a22002413a 4500
001 23573
003 PGUSA
005 20140828083513.0
008 071120s2007||||xxu|||||s|||||000 | eng d
040 _aPGUSA
_beng
042 _adc
050 4 _aDS
100 1 _aReidy, John J.
245 1 4 _aThe Battle of Bayan and Other Battles
_h[electronic resource] /
_cJohn J. Reidy
260 _bProject Gutenberg,
_c2007
506 _aPublic domain in the USA.
516 _aElectronic text
653 _aPhilippines -- History -- 1898-1946
653 _aUnited States. Army -- History
830 0 _aProject Gutenberg
_v23573
856 4 0 _uhttp://www.gutenberg.org/ebooks/23573
942 _cEB
999 _c252828
_d252828